Complete the Card - NXT In Your House 2022 - Statistics

General Stats
  • This quiz has been taken 39 times
  • The average score is 15 of 20
Answer Stats
Hint Answer % Correct
NXT Championship Match Bron Breakker
93%
NXT North American Championship Match Carmelo Hayes
93%
NXT Women's Championship Match Mandy Rose
89%
NXT Women's Tag Team Championship Match Gigi Dolin
81%
NXT Women's Tag Team Championship Match Jacy Jayne
81%
NXT Championship Match Joe Gacy
78%
NXT Tag Team Championship Match Brutus Creed
74%
NXT Tag Team Championship Match Elton Prince
74%
NXT Tag Team Championship Match Julius Creed
74%
NXT Women's Tag Team Championship Match Katana Chance
74%
NXT Women's Tag Team Championship Match Kayden Carter
74%
NXT Tag Team Championship Match Kit Wilson
74%
Six-Man Tag Team Match Santos Escobar
70%
Six-Man Tag Team Match Cruz Del Toro
67%
Six-Man Tag Team Match Tony D'Angelo
67%
NXT North American Championship Match Cameron Grimes
63%
Six-Man Tag Team Match Channing "Stacks" Lorenzo
59%
Six-Man Tag Team Match Joaquin Wilde
59%
NXT Women's Championship Match Wendy Choo
56%
Six-Man Tag Team Match Troy "Two Dimes" Donovan
52%
No matching quizzes found
Score Distribution
Percent of People with Each Score
Percentile by Number Answered
Your Score History
You have not taken this quiz